| 000 | 00593nam a2200169 a 4500 | ||
|---|---|---|---|
| 001 | 000037911 | ||
| 005 | 20201002031133.0 | ||
| 008 | 110202s2012 dr ac 000 0 spa d | ||
| 040 |
_aDO-SdBNP _bspa _cBNPHU |
||
| 082 |
_axxxx _bB638b |
||
| 100 | 1 |
_aHernández Sevillano, Gustavo _950588 |
|
| 245 | 1 | 0 |
_aBlancas y negras : _bcrónicas de viajes, partidas memorables, una revista y obra de teatro. |
| 250 | _a2a. ed. | ||
| 260 |
_aSannto Domingo : _bEditora Búho, _c2012. |
||
| 300 |
_a261 p. : _bil., retrs. ; _c27 cm. |
||
| 500 | _aIncluye datos biográficos del autor ne la solapa de la portada | ||
| 999 |
_c37401 _d37401 |
||